| 000 | 00340nam a22001337a 4500 | ||
|---|---|---|---|
| 008 | 210226b ||||| |||| 00| 0 eng d | ||
| 041 | _aeng | ||
| 080 | _a616-053.2 | ||
| 082 | _a616-053.2 | ||
| 100 | _a8 | ||
| 101 | _aPED | ||
| 245 |
_a2007 Pediatric Primary care self-assessment exercise (SAE) Refernce manual _cPNCB |
||
| 942 |
_2udc _cBK |
||
| 999 |
_c55256 _d55256 |
||